000
00484nam a2200145Ia 4500
008
100122s9999 xx 000 0 und d
082
_b
19498
_a
823
100
_a
लाटे दीनानाथ
245
_a
नच सुंदरी करू कोपा
260
_b
सुहास प्रकाशन
_c
1973
300
_a
220
630
_a
नच सुंदरी करू कोपा
730
_a
नच सुंदरी करू कोपा
942
_c
BOOK
999
_c
408510
_d
408507